000 01488nam a22003614a 4500
001 ebr10131585
003 CaPaEBR
006 m u
007 cr cn|||||||||
008 050613s2005 gaub sb 001 0 eng
010 _z 2005016945
020 _z1589831381 (paper binding : alk. paper)
040 _aCaPaEBR
_cCaPaEBR
035 _a(OCoLC)567831809
041 1 _aeng
_hegy
043 _af-ua---
050 1 4 _aDT85
_b.S74 2005eb
082 0 4 _a932
_222
100 1 _aStrudwick, Nigel.
245 1 0 _aTexts from the pyramid age
_h[electronic resource] /
_cby Nigel C. Strudwick.
260 _aAtlanta :
_bSociety of Biblical Literature,
_cc2005.
300 _axxxvii, 522 p. :
_bmap.
490 1 _aWritings from the ancient world ;
_vno. 16
504 _aIncludes bibliographical references (p. 465-502) and index.
533 _aElectronic reproduction.
_bPalo Alto, Calif. :
_cebrary,
_d2013.
_nAvailable via World Wide Web.
_nAccess may be limited to ebrary affiliated libraries.
546 _aEnglish translation of Egyptian texts from the Old Kingdom.
650 0 _aInscriptions, Egyptian
_vTranslations into English.
651 0 _aEgypt
_xHistory
_yOld Kingdom, ca. 2686-ca. 2181 B.C.
_vSources.
655 7 _aElectronic books.
_2local
710 2 _aebrary, Inc.
830 0 _aWritings from the ancient world ;
_vno. 16.
856 4 0 _uhttp://site.ebrary.com/lib/rucke/Doc?id=10131585
_zAn electronic book accessible through the World Wide Web; click to view
999 _c183241
_d183241